Miasta i wsie do których prowadzą pociągi z Grodziska Wielkopolskiego - Statystyki

Ogólne statystyki
  • Ten quiz został rozwiązany 8 razy
  • Średni wynik to 3 z 6
Statystyki odpowiedzi
Miasto % Poprawnych
Poznań
100%
Wolsztyn
50%
Gołańcz
33%
Murowana Goślina
33%
Powodowo
33%
Wągrowiec
33%
Nie znaleziono quizów pasujących do podanych kryteriów
Rozkład punktacji
Procent ludzi z każdym wynikiem
Percentyl według liczby udzielonych odpowiedzi
Twoja historia wyników
Nie rozwiązałeś tego quizu